000 00510nam a2200193Ia 4500
003 OSt
005 20260127144114.0
008 250729s2005 xx 000 0 und d
040 _cAL
041 _akan
082 _a910 JALB
100 _aಜಲಜಾಬಾಯಿ ಎಂ
_9227955
245 _aಭೂಗೋಳ ಸಂಪುಟ ಸಂಗಾತಿ-೧
260 _aಮೈಸೂರು
_c2005
300 _a292p
650 _aGeography
_9227956
700 _aಜಲo Digumurthi
_9227957
942 _2ddc
_cBED
999 _c237832
_d237832